Islam (Record no. 8960)

MARC details
000 -LEADER
fixed length control field 00574nam a2200241 a 4500
020 ## - INTERNATIONAL STANDARD BOOK NUMBER
ISBN
082 00 - DEWEY DECIMAL CLASSIFICATION NUMBER
Classification number 297
Author Cutter UNE
100 ## - MAIN ENTRY--AUTHOR NAME
Author name Unesco,
245 ## - TITLE STATEMENT
Title Islam
Sub title 15th Century of He Hegira: Unesco Courier
260 ## - PUBLICATION, DISTRIBUTION, ETC. (IMPRINT)
Place of publication New York
Name of publisher Unesco
Year of publication 1981
300 ## - PHYSICAL DESCRIPTION
Number of Pages 78p
500 ## - GENERAL NOTE
General note includes index and biblioraphy
505 2# - FORMATTED CONTENTS NOTE
Formatted contents note Epilogue
650 ## - SUBJECT ADDED ENTRY--TOPICAL TERM
Topical Term Islam-20th Century
942 ## - ADDED ENTRY ELEMENTS (KOHA)
Koha item type Books
700 1# -
-- Unesco,
Holdings
Collection code Home library Current library Date acquired Cost, normal purchase price Full call number Accession Number Koha item type
  Henry Martyn Institute Library Henry Martyn Institute Library 07/30/2007 100.00 297 UNE 013916 Books
                   Copyright © 2026 | Henry Martyn Institute | Hyderabad | TS-500052 | INDIA | Implemented by hmi.edu.in
Hit-Count:

Powered by Koha